=LDR 00000nam 2200000 4500 =001 INLIS000000000052130 =005 20180123083327 =035 ##$$a 0010-0118000318 =007 ta =008 180123###########################0###### =020 ##$$a 978-979-18029-4-9 =082 ##$$a 796.5 =084 ##$$a 796.5 RIS s =100 #$$a Risang Sutawijaya =245 1#$$a Super Creative Games For Out Bound Training /$c Risang Sutawijaya =260 ##$$a Yogyakarta :$b Cemerlang Publishing,$c 2016 =300 ##$$a 174 hlm. : $b ilus. ; $c 20 cm =650 ##$$a Permainan Out Bound =504 ##$$a Bibliografi : hlm.174 =990 ##$$a 16651665 =990 ##$$a 16651665 =990 ##$$a 16651665 =990 ##$$a 16651665 =990 ##$$a 16651665